Statistics for Most Developed Countries

Click here to take the quiz!

General Stats

  • This quiz has been taken 122 times
  • The average score is 19 of 21

Answer Stats

ScoreAnswer% Correct
0.907UK
97%
0.944Norway
96%
0.907Sweden
96%
0.915USA
96%
0.913Canada
95%
0.935Australia
94%
0.916Germany
94%
0.923Denmark
93%
0.930Switzerland
93%
0.888France
92%
0.913New Zealand
92%
0.891Japan
90%
0.899Iceland
89%
0.922Netherlands
89%
0.890Belgium
87%
0.916Ireland
86%
0.892Luxembourg
85%
0.912Singapore
85%
0.898South Korea
81%
0.908Liechtenstein
69%
0.894Israel
52%

Score Distribution

Percentile by Number Answered

Percent of People with Each Score

Your Score History

You have not taken this quiz